[Event "Sao Paulo State-ch1"]
[Site "Santa Barbara d'Oeste"]
[Date "1998.??.??"]
[Round "?"]
[White "Matsuura, Everaldo"]
[Black "Umetsubo, Cesar"]
[Result "1-0"]
[WhiteElo "2405"]
[BlackElo "2085"]

1.e4 d6 2.d4 Nf6 3.Nc3 c6 4.f4 Qa5 5.Bd3 e5 6.Nf3 Bg4 7.Be3 Nbd7 8.O-O Be7
9.h3 Bxf3 10.Qxf3 O-O-O 11.a3 Rdg8 12.b4 Qc7 13.b5 Qa5 14.bxc6 bxc6 15.Bd2 Qb6
16.Rab1 Qc7 17.d5 cxd5 18.exd5 g5 19.fxg5 e4 20.Nxe4 Nxe4 21.Qxe4 Bxg5 22.Rxf7 Qc5+
23.Kh1 Bf6 24.Ba6+  1-0

[Event "Santiago Esucomex op"]
[Site "Santiago"]
[Date "1998.??.??"]
[Round "4"]
[White "Rojas, Luis"]
[Black "Arancibia, Eduardo"]
[Result "1/2-1/2"]
[WhiteElo "2455"]
[BlackElo "2255"]

1.e4 d6 2.d4 Nf6 3.Nc3 e5 4.dxe5 dxe5 5.Qxd8+ Kxd8 6.Bc4 Ke8 7.Bg5 c6 8.O-O-O Bc5
9.Bh4 Nbd7 10.Nf3 Bb6 11.Rhe1 h6 12.Bg3 Bc7 13.h3 g5 14.h4 g4 15.Nh2 Nb6
16.Bb3 a5 17.a4 Be6 18.Nf1 Nc4 19.Bxc4 Bxc4 20.Ne3 Be6 21.Nf5 Nh5 22.Nd6+ Bxd6
23.Rxd6 Nxg3 24.fxg3 Ke7 25.Red1 Rhd8 26.Rxd8 Rxd8 27.Rxd8 Kxd8 28.Nd1 Kd7  1/2-1/2

[Event "Santiago Esucomex op"]
[Site "Santiago"]
[Date "1998.??.??"]
[Round "6"]
[White "Velasquez Ojeda, Cesar"]
[Black "Arancibia, Eduardo"]
[Result "1-0"]
[WhiteElo "2330"]
[BlackElo "2255"]

1.e4 d6 2.d4 Nf6 3.Nc3 e5 4.dxe5 dxe5 5.Qxd8+ Kxd8 6.Nf3 Bd6 7.Bg5 c6 8.Bc4 Ke7
9.O-O-O Bc7 10.Rhe1 h6 11.Bh4 Nd7 12.h3 g5 13.Bg3 Nh5 14.Bh2 f6 15.Ne2 b5
16.Bb3 Nc5 17.Ned4 Bd7 18.Nf5+ Bxf5 19.exf5 Nxb3+ 20.axb3 Bb6 21.g4 Nf4 22.Bxf4 gxf4
23.Re2 Rhd8 24.c3 Rxd1+ 25.Kxd1 a5 26.Kc2 a4 27.b4 Rg8 28.Nd2 h5 29.f3 Be3
30.Ne4 Rh8 31.Rh2 Rg8 32.Rh1 Bb6 33.Rd1 Bc7 34.Rd7+  1-0

[Event "Santiago Esucomex op"]
[Site "Santiago"]
[Date "1998.??.??"]
[Round "8"]
[White "Barria, Daniel"]
[Black "Sepulveda, Andres"]
[Result "1/2-1/2"]
[WhiteElo "2365"]
[BlackElo "2225"]

1.e4 d6 2.d4 Nf6 3.Nc3 e5 4.Nf3 Nbd7 5.Bc4 Be7 6.O-O O-O 7.Re1 c6 8.a4 Qc7
9.h3 b6 10.Bg5 Bb7 11.Qe2 a6 12.dxe5  1/2-1/2

[Event "Seefeld op 9th"]
[Site "Seefeld"]
[Date "1998.??.??"]
[Round "2"]
[White "Sucher, Johannes"]
[Black "Cieza Vega, Arcadio"]
[Result "0-1"]
[WhiteElo "2205"]
[BlackElo "2380"]

1.e4 d6 2.d4 Nf6 3.Nc3 c6 4.Bd3 e5 5.Nge2 Be7 6.O-O Qb6 7.Bc4 O-O 8.Bb3 Nbd7
9.h3 a5 10.Be3 Qc7 11.a4 Rd8 12.f4 exd4 13.Bxd4 Nc5 14.Bxc5 dxc5 15.Qe1 Be6
16.Bxe6 fxe6 17.b3 e5 18.fxe5 Qxe5 19.Qg3 Bd6 20.Qxe5 Bxe5 21.Rad1 Rxd1 22.Rxd1 Re8
23.Kf2 Kf7 24.Ke3 Re7 25.Rd8 Nd7 26.Ra8 Bc7 27.Ra7 Nf6 28.Kf3 Bb6 29.Ra8 Nd7
30.Ng3 g6 31.Nf1 c4 32.Nd2 Ne5+ 33.Ke2 cxb3 34.cxb3 Re8 35.Rxe8 Kxe8 36.Nf3 Nd7
37.Kd3 Ke7 38.g4 Kf6 39.Ke2 Ne5 40.Nxe5 Kxe5 41.Kf3 g5 42.Ne2 Bc5 43.Nc1 b5
44.Nd3+ Kd4 45.Nxc5 Kxc5 46.Ke3 bxa4 47.bxa4 Kc4  0-1

[Event "Seefeld op 9th"]
[Site "Seefeld"]
[Date "1998.??.??"]
[Round "3"]
[White "Veinger, Itzchak"]
[Black "Caposciutti, Maurizio"]
[Result "1-0"]
[WhiteElo "2345"]
[BlackElo "2360"]

1.e4 d6 2.d4 Nf6 3.Nc3 c6 4.Nf3 Bg4 5.h3 Bh5 6.Bd3 e6 7.Ne2 d5 8.e5 Nfd7
9.Nf4 Bg6 10.Nxg6 hxg6 11.Ng5 Qe7 12.Qg4 Kd8 13.c3 Na6 14.Bxa6 bxa6 15.h4 f5
16.Qe2 Nb8 17.Rh3 Kd7 18.Bd2 c5 19.c4 Kc7 20.cxd5 exd5 21.Rc1 Qd7 22.e6  1-0

[Event "Seefeld op 9th"]
[Site "Seefeld"]
[Date "1998.??.??"]
[Round "4"]
[White "Niedermayr, Horst"]
[Black "Cieza Vega, Arcadio"]
[Result "1/2-1/2"]
[WhiteElo "2225"]
[BlackElo "2385"]

1.e4 d6 2.d4 Nf6 3.Nc3 Nbd7 4.Bc4 e5 5.Nf3 Be7 6.O-O O-O 7.h3 c6 8.dxe5 dxe5
9.a4 b6 10.Qe2 Qc7 11.Rd1 a5 12.Be3 Nc5 13.Nd2 Ne6 14.Nf1 Nf4 15.Bxf4 exf4
16.e5 Nd7 17.e6 Ne5 18.exf7+ Kh8 19.Nh2 Bb4 20.Bb3 Bxc3 21.bxc3 Nxf7 22.Bxf7 Qxf7
23.Rd6 Bd7 24.Nf3 Qe8 25.Qd2 Bf5 26.Re1 Qh5 27.Re5 Rae8 28.Qxf4 Rxe5 29.Nxe5 Qe8
30.Qg3 Rf6 31.Nxc6 Rxd6 32.Qxd6 Bxc2 33.Nd4  1/2-1/2

[Event "Seefeld op 9th"]
[Site "Seefeld"]
[Date "1998.??.??"]
[Round "5"]
[White "Dittmar, Peter"]
[Black "Kuporosov, Viktor"]
[Result "1/2-1/2"]
[WhiteElo "2305"]
[BlackElo "2500"]

1.d4 d6 2.e4 Nf6 3.Nc3 c6 4.f4 g6 5.e5 Nd5 6.Nxd5 cxd5 7.Bd3 Nc6 8.c3 Bg7
9.Nf3 dxe5 10.fxe5 Bg4 11.O-O O-O 12.Bg5 f6 13.exf6 exf6 14.Bf4 Qd7 15.h3 Bf5
16.Bxf5 Qxf5 17.Bg3 Qd7 18.Qd3 Rae8 19.Rae1 Ne7 20.Bf4 Nf5 21.c4 dxc4 22.Qxc4+ Qf7
23.Qa4 Rxe1 24.Rxe1 g5 25.Bh2 a6 26.g4 Nh4 27.Nxh4 gxh4 28.Bd6 Rc8 29.Bc5 Bf8
30.Bxf8 Rxf8 31.Qb3 Rd8 32.Qxf7+ Kxf7 33.Rd1 Ke6 34.Kf2 Kd5 35.Ke3 Re8+ 36.Kf3 Re4
37.Rc1 Rxd4 38.Rc7 Rd3+ 39.Kf4 Rxh3 40.Rxb7 Rh2 41.Rb6 a5 42.Rb5+ Ke6 43.Rxa5 Rf2+
44.Ke3 Rxb2 45.Rh5 Rxa2 46.Rxh4 Ra4 47.Kf3 Ra3+ 48.Kf4 Ra4+ 49.Kf3 Ra3+  1/2-1/2

[Event "Seefeld op 9th"]
[Site "Seefeld"]
[Date "1998.??.??"]
[Round "5"]
[White "Gruener, Reinhard"]
[Black "Caposciutti, Maurizio"]
[Result "0-1"]
[WhiteElo "2135"]
[BlackElo "2360"]

1.d4 Nf6 2.Nc3 d6 3.e4 c6 4.a4 Qa5 5.Bd2 e5 6.Nd5 Qd8 7.Nxf6+ Qxf6 8.Bc3 Qg6
9.f3 Nd7 10.Ne2 Be7 11.d5 O-O 12.g4 cxd5 13.Qxd5 Nc5 14.Ng3 Be6 15.Qd2 Bh4
16.Qe2 Rac8 17.Bg2 Rfd8 18.O-O Bxg3 19.hxg3 h5 20.gxh5 Qxg3 21.h6 gxh6 22.Qf2 Qxf2+
23.Kxf2 f5 24.exf5 Bxf5 25.f4 exf4 26.Bd5+ Kh7 27.Rg1 Rc7 28.Bd4 Be4 29.Bxe4+ Nxe4+
30.Kf3 Ng5+ 31.Kxf4 Nh3+  0-1

[Event "Seefeld op 9th"]
[Site "Seefeld"]
[Date "1998.??.??"]
[Round "8"]
[White "Voss, Ingo"]
[Black "Oettinger, Hagen"]
[Result "1-0"]
[WhiteElo "2205"]
[BlackElo "2010"]

1.d4 Nf6 2.Nc3 d6 3.e4 c6 4.a4 a5 5.Bc4 g6 6.Qe2 e5 7.dxe5 dxe5 8.Nf3 Bg7
9.Nxe5 O-O 10.O-O Qe7 11.Nd3 Na6 12.Bg5 h6 13.Bh4 g5 14.Bg3 Nb4 15.Kh1 Re8
16.Rac1 Bg4 17.f3 Nxd3 18.cxd3 Be6 19.Bxe6 Qxe6 20.f4 Rad8 21.e5 Nh7 22.f5 Qd7
23.Rf3 g4 24.Rff1 h5 25.Ne4 Qxd3 26.Qxd3 Rxd3 27.Nd6 Ra8 28.Nxb7 Rb3 29.Nd6 Rxb2
30.f6 Bf8 31.e6 Bxd6 32.Bxd6 Re8 33.e7 h4 34.Be5 Rd2 35.Rcd1 Rd5 36.Rxd5 cxd5
37.Rf4 Rc8 38.Rxg4+ Kh8 39.h3  1-0

[Event "Seefeld op 9th"]
[Site "Seefeld"]
[Date "1998.??.??"]
[Round "9"]
[White "Schmidt, Juergen"]
[Black "Mira, Helene"]
[Result "0-1"]
[WhiteElo "2195"]
[BlackElo "2125"]

1.e4 d6 2.d4 Nf6 3.Nc3 c6 4.Nf3 Bg4 5.h3 Bh5 6.Be3 e6 7.Qd2 Bxf3 8.gxf3 d5
9.e5 Nfd7 10.Rg1 g6 11.Bh6 Qh4 12.Bxf8 Kxf8 13.Rg4 Qe7 14.Qh6+ Kg8 15.O-O-O Qf8
16.Qe3 c5 17.Nb5 Nc6 18.c3 cxd4 19.cxd4 h5 20.Rg5 Qe7 21.Bd3 Nf8 22.f4 Rd8
23.Nd6 Qc7 24.Kb1 Nb4 25.a3 Nxd3 26.Qxd3 a6 27.Rc1 Qe7 28.Rg3 Rh7 29.Rcg1 Kh8
30.Qd2 Rg7 31.f5 Rh7 32.fxg6 Nxg6 33.Rg5 Rxd6 34.exd6 Qxd6 35.Ka1 Kg7 36.Qe3 Kf8
37.Rxg6 fxg6 38.Rxg6 Kf7 39.Qg5 Qe7 40.Qg2 Qc7 41.Qg1 Qc8 42.Rg3 Qc2 43.Rf3+ Ke7
44.Rc3 Qf5 45.Qg8 Kf6 46.Qd8+ Kg6 47.Rg3+ Kh6 48.Qg8 Qf6 49.Qc8 Rf7 50.Qc1+ Qf4
51.Qc2 Rg7 52.Qc8 Rxg3 53.fxg3 Qf1+ 54.Ka2 Qxh3 55.Qh8+ Kg6 56.Qg8+ Kf5 57.Qh7+ Kg4
58.Qg6+ Kf3 59.Qd3+ Kg2 60.Qe2+ Kg1 61.Qe3+ Kh2 62.Qf2+ Qg2 63.Qf7 Qe2  0-1

[Event "RUS-ch"]
[Site "Sochi"]
[Date "1998.??.??"]
[Round "7"]
[White "Ljubarskij, Jurij"]
[Black "Shabanov, Yuri"]
[Result "1-0"]
[WhiteElo "2340"]
[BlackElo "2495"]

1.e4 d6 2.d4 Nf6 3.Nc3 Nbd7 4.Nf3 e5 5.Bc4 Be7 6.O-O O-O 7.h3 c6 8.a4 a5
9.Bb3 h6 10.Be3 Re8 11.Nd2 Nf8 12.f4 exd4 13.Bxd4 Be6 14.Qf3 N6d7 15.Rad1 Qc7
16.Nc4 Bxc4 17.Bxc4 Bf6 18.e5 dxe5 19.fxe5 Nxe5 20.Qg3 Nfd7 21.Ne4 Rac8 22.Bb3 Kh8
23.Nxf6 Nxf6 24.Rf5 Ng6 25.Qc3 Ne4 26.Bxg7+  1-0

[Event "RUS-ch U20"]
[Site "Sochi"]
[Date "1998.??.??"]
[Round "9"]
[White "Turov, Maxim"]
[Black "Prokopchuk, Evgeny"]
[Result "1/2-1/2"]
[WhiteElo "2445"]
[BlackElo "2500"]

1.e4 d6 2.d4 Nf6 3.Nc3 e5 4.Nf3 Nbd7 5.Bc4 Be7 6.O-O O-O 7.Re1 c6 8.a4 Qc7
9.h3 b6 10.Qe2 a6 11.d5 Bb7 12.dxc6 Bxc6 13.Bg5 Qb7 14.Rad1 h6 15.Bxf6 Nxf6
16.Nd5 Nxd5 17.Bxd5 Rac8 18.c4 Qc7 19.Bxc6 Qxc6 20.b3 g6 21.Rd5 Kh7 22.Nh2 Qb7
23.Red1 Rc5 24.Ng4 Rfc8 25.Qf3 Kg7 26.Qe3 Bg5 27.Qe2 h5 28.Nh2 Rxd5 29.Rxd5 Be7
30.Nf1 Rc5 31.Ne3 Rxd5 32.Nxd5 Bd8 33.Qd3 Qc8 34.Nb4 a5 35.Nd5 Qc5 36.Ne3 Bg5
37.Nc2 Bc1 38.h4 Bb2 39.Kf1 Bd4 40.Qd2 Kh7 41.g3 Kg8 42.Kg2 Kg7 43.f3 Kh7
44.g4 hxg4 45.fxg4 Qc8 46.Kg3 Bc5 47.Qe2 Qd8 48.Ne1 Kg7 49.Nf3 Qe7 50.h5 Qb7
51.g5 Qe7 52.Qh2 Be3 53.Qh4 Bf4+ 54.Kg2 Qe6 55.Kf2 gxh5 56.Qxh5 Qg6 57.Qxg6+ Kxg6
58.Nh4+ Kxg5 59.Nf5 Bc1 60.Kf3 Ba3 61.Kg3  1/2-1/2

[Event "POL-ch (Women)"]
[Site "Sopot"]
[Date "1998.??.??"]
[Round "?"]
[White "Radziewicz, Iweta"]
[Black "Bobrowska, Monika"]
[Result "0-1"]
[WhiteElo "2420"]
[BlackElo "2320"]

1.e4 d6 2.d4 Nf6 3.Nc3 e5 4.Nf3 Nbd7 5.Be2 Be7 6.O-O O-O 7.Re1 c6 8.h3 b5
9.a3 Bb7 10.Bf1 a5 11.b3 Re8 12.Bb2 b4 13.axb4 axb4 14.Rxa8 Bxa8 15.Na4 exd4
16.Nxd4 Bf8 17.Nf5 Qc7 18.Qf3 Ne5 19.Qg3 c5 20.Bd3 Kh8 21.f4 Ng6 22.Bxf6 gxf6
23.c4 Bc6 24.h4 Ne7 25.Ne3 f5 26.Nd5 Nxd5 27.exd5 Rxe1+ 28.Qxe1 Bd7 29.Qe2 Qd8
30.g3 Bg7 31.Kg2 h6 32.Qc2 Kg8 33.Bxf5 Bxf5 34.Qxf5 Qe8 35.Qd3 Qe1 36.Kf3 h5
37.Qe3 Qd1+ 38.Ke4 Bd4 39.Nb2 Qh1+ 40.Qf3 f5+  0-1

[Event "St Petersburg-ch (Women)"]
[Site "St Petersburg"]
[Date "1998.??.??"]
[Round "?"]
[White "Sudakova, Irina"]
[Black "Shirjaeva, Yaroslava"]
[Result "1-0"]
[WhiteElo "2180"]
[BlackElo "2100"]

1.e4 d6 2.d4 Nf6 3.Nc3 c6 4.f3 Nbd7 5.Be3 e5 6.Qd2 b5 7.a3 Bb7 8.Nge2 Be7
9.g4 exd4 10.Nxd4 Ne5 11.Be2 g6 12.O-O-O a5 13.g5 Nfd7 14.f4 Nc4 15.Bxc4 bxc4
16.f5 d5 17.exd5 cxd5 18.f6 Bc5 19.Ndb5 d4 20.Bxd4 O-O 21.Rhf1 Qb6 22.Qf4 Bc6
23.a4 Rab8 24.Bxc5 Qxc5 25.Qh4 Rfe8 26.Qh6 Qf8 27.Qxf8+ Kxf8 28.Rd6 Bxb5
29.axb5 Nc5 30.Rfd1 Ne6 31.h4 Ra8 32.b6 Rab8 33.Nb5 Rec8 34.Nc7 Nd8 35.Na6 Nb7
36.Nxb8 Nxd6 37.Nd7+ Ke8 38.Rxd6 Rd8 39.b7  1-0

[Event "St Petersburg (Women)"]
[Site "St Petersburg"]
[Date "1998.??.??"]
[Round "10"]
[White "Koroljova, Valerija"]
[Black "Ovod, Evgenija"]
[Result "0-1"]
[WhiteElo "2195"]
[BlackElo "2375"]

1.e4 d6 2.d4 Nf6 3.Nc3 c6 4.f4 Qa5 5.Bd3 e5 6.Nf3 Bg4 7.Be3 Qb6 8.Ne2 Bxf3
9.gxf3 Nbd7 10.Qd2 exf4 11.Nxf4 Qxb2 12.Kf2 Qb6 13.e5 Nd5 14.e6 N7f6 15.exf7+ Kxf7
16.Nxd5 Nxd5 17.c4 Nxe3 18.Qxe3 Be7 19.Rab1 Qc7 20.Qf4+ Ke8 21.Rhe1 Rf8 22.Qg4 Kd8
23.Kg2 g6 24.Re6 Qd7 25.Rbe1 Bf6 26.Qf4 Be7 27.Qh6 Rf7 28.Bxg6 hxg6 29.Qxg6 Bf8
30.Qe4 Kc7 31.d5 c5 32.h4 Bg7 33.Qg6 Be5 34.Kf1 Rxf3+ 35.Ke2 Qf7 36.Qg2 Rf8  0-1

[Event "Svetla nad Sazavou op-A"]
[Site "Svetla nad Sazavou"]
[Date "1998.??.??"]
[Round "5"]
[White "Novacek, Karel"]
[Black "Kucera, Tomas"]
[Result "1-0"]
[WhiteElo "2095"]
[BlackElo "2165"]

1.e4 Nf6 2.Nc3 d6 3.d4 c6 4.Be2 Qa5 5.Qd3 e5 6.Nf3 Bg4 7.Nd2 Bxe2 8.Nxe2 Nbd7
9.O-O g6 10.f4 Bg7 11.Nc4 Qc7 12.dxe5 dxe5 13.fxe5 Nxe5 14.Bf4 Nxd3 15.Bxc7 Nxb2
16.Nd6+ Kd7 17.e5 Kxc7 18.exf6 Bh6 19.Nxf7 Be3+ 20.Kh1 Rhf8 21.Ne5 Rae8 22.Ng4 Bg5
23.Nd4 Re4 24.c3 Kc8 25.Rae1 Rxe1 26.Rxe1 Bd2 27.Re7 Nc4 28.Ne6 Rh8 29.f7 Bxc3
30.Re8+ Kd7 31.Rxh8 Bb4 32.f8=Q Bxf8 33.Nxf8+ Ke7 34.Nxh7 Kd6 35.Rg8 Kc5
36.Rxg6 b5 37.Rg5+ Kd4 38.h4 b4 39.Rg6 Nd2 40.h5 Ne4  1-0

[Event "SVK-chT 9899"]
[Site "SVK"]
[Date "1998.??.??"]
[Round "1"]
[White "Pcola, Pavel"]
[Black "Krajnak, Martin"]
[Result "1-0"]
[WhiteElo "2405"]
[BlackElo "2305"]

1.e4 d6 2.d4 Nf6 3.Nc3 c6 4.Nf3 Bg4 5.Be2 Nbd7 6.O-O e5 7.Be3 Be7 8.a4 a5
9.Qd2 O-O 10.Rad1 Qc7 11.Nh4 Bxe2 12.Qxe2 g6 13.dxe5 dxe5 14.Qc4 Rac8 15.Nf3 Ng4
16.Bc1 Kg7 17.h3 Ngf6 18.Be3 h6 19.Rd2 Rfe8 20.Rfd1 Nf8 21.Ne2 Ne6 22.c3 Red8
23.Ng3 Rxd2 24.Rxd2 Rd8 25.Rxd8 Bxd8 26.Qd3 Be7 27.Qd2 Ng8 28.Nf1 f5 29.exf5 gxf5
30.Qe2 e4 31.Nd4 Nxd4 32.Bxd4+ Bf6 33.Ng3 Qd7 34.Qh5 Ne7 35.Bxf6+ Kxf6 36.Qxh6+ Ke5
37.Qg7+ Ke6 38.Qh6+ Ke5 39.Qg7+ Ke6 40.Qh6+ Ke5 41.Kh2 Nd5 42.Qh8+ Ke6 43.Qf8 Nf6
44.Ne2 Qd2 45.Nd4+ Kd7 46.Qf7+ Kc8 47.Ne6 Kb8 48.Qc7+  1-0

[Event "SVK-chT 9899"]
[Site "SVK"]
[Date "1998.??.??"]
[Round "2"]
[White "Helbich, Jan"]
[Black "Okos, Alexander"]
[Result "1/2-1/2"]
[WhiteElo "2250"]
[BlackElo "2080"]

1.e4 d6 2.d4 Nf6 3.Nc3 e5 4.Nf3 Nbd7 5.Bc4 Be7 6.O-O c6 7.a4 Qc7 8.Qe2 O-O
9.h3 b6 10.Rd1 a6 11.d5 c5 12.Nh4 g6 13.Bh6 Re8 14.Kh1 Qd8 15.g3 Nh5 16.Nf5 Bf8
17.Kh2 Bxh6 18.Nxh6+ Kg7 19.Qe3 Ndf6 20.Be2 Qd7 21.Ng4 Ng8 22.Kg2 Nhf6 23.Rh1 Rb8
24.Ra3 h6 25.Rb3 Nh7 26.Qd3 f5 27.Ne3 Ngf6 28.exf5 gxf5 29.Qd2 Ng5 30.Nc4 b5
31.axb5 axb5 32.Na5 b4 33.Nb1 Nge4 34.Qd1 Ra8 35.Nc4 Ra1 36.Nb6 Qb7 37.Nxc8 Rxc8
38.c4 Qf7 39.Qc2 Qg6 40.Bf3 f4 41.Bxe4 Qxe4+ 42.Qxe4 Nxe4 43.gxf4 exf4 44.Rf3 Rf8
45.h4 Kh7 46.Re1 Rxb1 47.Rxe4 Rxb2 48.Re6 Rg8+ 49.Kh2 Rg6 50.Re7+ Kg8 51.Rxf4 Rg7
52.Re8+ Kh7 53.Re6 Rc2 54.Rxd6 b3 55.Rb6 b2 56.Rff6 Rg4 57.Rxh6+ Kg7 58.Rhc6 Rxf2+  1/2-1/2

[Event "SVK-chT1E 9899"]
[Site "SVK"]
[Date "1998.??.??"]
[Round "3"]
[White "Pal, Peter"]
[Black "Borsos, Bogdan"]
[Result "1-0"]
[WhiteElo "2225"]
[BlackElo "2330"]

1.d4 d6 2.e4 Nf6 3.Nc3 c6 4.f4 g6 5.Nf3 Bg4 6.Be2 Bg7 7.O-O O-O 8.a4 Nbd7
9.Be3 Bxf3 10.Bxf3 e6 11.Qd2 d5 12.e5 Ne8 13.g4 f5 14.gxf5 exf5 15.a5 Nc7
16.b4 a6 17.Na4 Rf7 18.c4 dxc4 19.Nb2 Nd5 20.Nxc4 Nf8 21.Nd6 Rd7 22.Bxd5+ cxd5
23.Qa2 Rxd6 24.exd6 Qxd6 25.Qd2 Re8 26.Rae1 Ne6 27.Kh1 Kf7 28.Re2 Bf8 29.Qa2 Rc8
30.Rfe1 Rc4 31.Bf2 Nxf4 32.Bg3 Rxd4 33.Re5 Bh6 34.Qa4 Qc6 35.Re7+ Kf8 36.Re8+ Kf7
37.R1e7+ Kf6 38.Qa1 Qc4 39.Bf2  1-0

[Event "SVK-chT 9798"]
[Site "SVK"]
[Date "1998.??.??"]
[Round "10"]
[White "Hagarova, Zuzana"]
[Black "Tibensky, Robert"]
[Result "1-0"]
[WhiteElo "2305"]
[BlackElo "2435"]

1.e4 d6 2.d4 Nf6 3.Nc3 Nbd7 4.Nf3 e5 5.Bc4 Be7 6.O-O O-O 7.a4 c6 8.Re1 b6
9.d5 c5 10.h3 Ne8 11.Ne2 a6 12.Bd3 g6 13.Bh6 Ng7 14.g4 Nf6 15.Ng3 Nfe8 16.c4 f6
17.Nh2 Bd7 18.f4 exf4 19.Bxf4 Nc7 20.Qd2 b5 21.Nf3 bxa4 22.Bc2 Rb8 23.Bxa4 Rb4
24.Bxd7 Qxd7 25.Qc2 Rfb8 26.Reb1 h5 27.gxh5 g5 28.Bd2 Qxh3 29.Kf2 Rb3 30.Rh1 Qg4
31.Bc3 f5 32.Rag1 Bf6 33.Ne2 Qxe4 34.Qxe4 fxe4 35.Nd2 Bxc3 36.Nxb3 Bxb2 37.Nd2 Re8
38.Nf1 Bf6 39.Ne3 Rf8 40.Ke1 Kh7 41.Rg4 Rf7 42.Rxe4 a5 43.Kd2 a4 44.h6 Nge8
45.Ng4 Bh8 46.Nc3 a3 47.Ra1 Nf6 48.Nxf6+ Bxf6 49.Rxa3 Kxh6 50.Ne2 Be5 51.Ra7 Kg6
52.Rb7 Kf5 53.Re3 g4 54.Rb8 Na6 55.Rg8 Nb4 56.Ng3+ Kf6 57.Rxg4 Ra7 58.Rf3+ Ke7
59.Ne2 Ra2+ 60.Ke1 Rc2 61.Rh4 Ra2 62.Rh7+ Ke8 63.Rhf7 Nd3+ 64.Kd1 Nb2+ 65.Kc2  1-0

[Event "Szeged TT08 IM"]
[Site "Szeged"]
[Date "1998.??.??"]
[Round "8"]
[White "Paschall, William M"]
[Black "Ianov, Viktor"]
[Result "1-0"]
[WhiteElo "2365"]
[BlackElo "2350"]

1.d4 d6 2.e4 Nf6 3.Nc3 e5 4.dxe5 dxe5 5.Qxd8+ Kxd8 6.Bc4 Be6 7.Bxe6 fxe6
8.f3 Nc6 9.Be3 Bb4 10.O-O-O+ Ke7 11.Nb5 Rhc8 12.a3 Bd6 13.Nh3 a6 14.Nxd6 cxd6
15.Kb1 Rc7 16.Bb6 Rd7 17.Rd3 Rc8 18.Rhd1 Nd8 19.a4 Rc6 20.a5 h6 21.Nf2 Nf7
22.h4 Nd8 23.g4 Nf7 24.R3d2 Nd8 25.Nd3 Rc8 26.g5 hxg5 27.hxg5  1-0

[Event "Tampere ELO Taraus"]
[Site "Tampere"]
[Date "1998.??.??"]
[Round "8"]
[White "Nokso Koivisto, Antti"]
[Black "Puranen, Jukka"]
[Result "1/2-1/2"]
[WhiteElo "2215"]
[BlackElo "2310"]

1.e4 d6 2.d4 Nf6 3.Nc3 c6 4.Nf3 Bg4 5.Be2 Qa5 6.O-O e5 7.Be3 Be7 8.h3 Bh5
9.Nh4 Bg6 10.Nxg6 hxg6 11.Qd2 Nbd7 12.a3 Qc7 13.Rad1 a6 14.f4 Nh5 15.fxe5 Ng3
16.Rf3 Nxe2+ 17.Qxe2 dxe5 18.Qc4 Bf6 19.Nd5 Qd6 20.Nxf6+ gxf6 21.Rff1 O-O
22.dxe5 Nxe5 23.Qc3 Qe6 24.Rf2 Rfe8 25.Rdf1 Nd7 26.Bd4 Qxe4 27.Bxf6 Nxf6
28.Qxf6 Re7 29.Rf4 Qe6 30.Qxe6 fxe6 31.Rg4 Kg7 32.Rf3 e5 33.Rfg3 Re6 34.Rb4 b5
35.Re4 Rd8 36.Rge3 Kf6 37.Re2 c5 38.Kh2 Rd4 39.R4e3 c4 40.g3 Rd5 41.g4  1/2-1/2

[Event "Tatry op"]
[Site "Tatranska Lomnica"]
[Date "1998.??.??"]
[Round "2"]
[White "Djurkovic, Maks"]
[Black "Karnik, Pavel"]
[Result "1-0"]
[WhiteElo "2150"]
[BlackElo "2335"]

1.d4 d6 2.e4 Nf6 3.Nc3 c6 4.g3 Nbd7 5.Bg2 e5 6.Nge2 Qc7 7.a4 a5 8.h3 Be7
9.Be3 O-O 10.O-O b6 11.Qd2 Ba6 12.Rfe1 b5 13.axb5 cxb5 14.Nd5 Nxd5 15.exd5 b4
16.dxe5 Nxe5 17.b3 Bf6 18.Nd4 Nd7 19.Ra2 Nc5 20.Bg5 Bxd4 21.Qxd4 Rfe8 22.Rea1 a4
23.Qxb4 Rab8 24.Qg4 Be2 25.Qh4 axb3 26.cxb3 Nxb3 27.Re1 Bd3 28.Rxe8+ Rxe8
29.Be3 Nc1 30.Ra7 Ne2+ 31.Kh2 Qb8 32.Qa4 h6 33.Qd7 Bg6 34.Rb7 Qa8 35.Ba7 Kh7
36.Qc6 Rc8 37.Qa6 Nc3 38.Rd7 Ne4 39.Bxe4 Bxe4 40.Qxd6 Rc1 41.g4 Qc8 42.Rxf7 Qc3
43.Be3 Rh1+ 44.Kg3 Bg6 45.Rb7 Rg1+ 46.Kh4 h5 47.Qf4  1-0

[Event "Tatry op"]
[Site "Tatranska Lomnica"]
[Date "1998.??.??"]
[Round "9"]
[White "Cvicela, Anton"]
[Black "Karnik, Pavel"]
[Result "1-0"]
[WhiteElo "2175"]
[BlackElo "2335"]

1.e4 d6 2.d4 Nf6 3.Nc3 c6 4.Bg5 Nbd7 5.Qd2 e5 6.Nf3 Be7 7.a4 a5 8.Bc4 O-O
9.O-O Qc7 10.h3 Re8 11.Rfe1 Bf8 12.Rad1 h6 13.Be3 exd4 14.Bxd4 Ne5 15.Nxe5 dxe5
16.Be3 Be6 17.Qe2 Bb4 18.f3 Qe7 19.Bxe6 Qxe6 20.Rd3 Qe7 21.Red1 Bxc3 22.Rxc3 Qb4
23.Rb3 Qxa4 24.Rxb7 Rad8 25.b3 Rxd1+ 26.Qxd1 Qa3 27.Ra7 Qb4 28.Qd2 Qxd2 29.Bxd2 Rd8
30.Bxa5 Rd1+ 31.Kf2 Rc1 32.c4 Rc2+ 33.Ke3 Nh5 34.Ra8+ Kh7 35.Bd2 Rb2 36.Ra3 Nf4
37.g3 Ne6 38.Bc3 Rb1 39.Bxe5 Nc5 40.Kd2 Rxb3 41.Rxb3 Nxb3+ 42.Kc3 Nc5 43.Bd6 Nd7
44.Kd4 Kg6 45.f4 f6 46.g4 Kf7 47.h4 Ke6 48.Ba3 Kf7 49.h5 Ke6 50.Bb2 Kf7 51.Ba3 Ke6
52.Kc3 c5 53.Kb3 Kd6 54.Bb2 Kc7 55.e5 Kc6 56.Bc3 Kc7 57.Ka4 Kc6 58.Ka5 Nb6
59.exf6 Nxc4+ 60.Ka4 gxf6 61.Bxf6  1-0

[Event "ROM-chT"]
[Site "Timisu de Sus"]
[Date "1998.??.??"]
[Round "5"]
[White "Vajda, Szidonia"]
[Black "Klinova, Masha"]
[Result "1-0"]
[WhiteElo "2270"]
[BlackElo "2395"]

1.e4 d6 2.d4 Nf6 3.Nc3 c6 4.a4 Nbd7 5.h3 e5 6.Nf3 Be7 7.Bc4 O-O 8.Ba2 exd4
9.Nxd4 d5 10.exd5 Nxd5 11.Nxd5 cxd5 12.O-O Nc5 13.c3 Bf6 14.Be3 Bd7 15.Bxd5 Nxa4
16.Qf3 Qc7 17.Bxb7 Rab8 18.Be4 Rxb2 19.Rxa4 Bxa4 20.Qf5 Rd8 21.Qxh7+ Kf8
22.Nf5 Ke8 23.Nxg7+ Bxg7 24.Qxg7 Qd6 25.Bg5 Rc8 26.Re1 Bd7 27.Qh8+ Qf8 28.Bc6+  1-0

[Event "BCF-ch"]
[Site "Torquay"]
[Date "1998.??.??"]
[Round "2"]
[White "Miles, Anthony J"]
[Black "Houska, Miroslav"]
[Result "1-0"]
[WhiteElo "2595"]
[BlackElo "2385"]

1.d4 d6 2.e4 Nf6 3.Nc3 e5 4.dxe5 dxe5 5.Qxd8+ Kxd8 6.Bc4 Be6 7.Bxe6 fxe6
8.f3 Bd6 9.Be3 Nc6 10.Nh3 Ke7 11.Nf2 h6 12.Nd3 Nd7 13.Na4 Na5 14.Ke2 Rhc8
15.Nac5 Nxc5 16.Bxc5 b6 17.Bf2 c5 18.Bg3 Nc6 19.c3 c4 20.Nf2 Nd8 21.Bh4+ Ke8
22.Rad1 Nf7 23.Ng4 b5 24.Rd2 h5 25.Ne3 Be7 26.Bxe7 Kxe7 27.a4 a5 28.axb5 Rab8
29.Ra1 Rxb5 30.Ra4 Nd6 31.Kd1 Rc6 32.h4 Rbc5 33.Kc2 Nc8 34.Ra1 Rd6 35.Rg1 Rxd2+
36.Kxd2 Nd6 37.g4 hxg4 38.Rxg4 Kf8 39.Rg6 Rc6 40.Kc2 Nf7 41.Rg1 Nh8 42.Ra1 Rc5
43.Ra4 Ng6 44.Kd2 Nxh4 45.Ke2 Ke7 46.Nxc4 Kf6 47.Nxa5 Kg5 48.Nc4 Kf4 49.Nd2 Ng2
50.Ra7 g6 51.Kf2 Nh4 52.Rh7 Nxf3 53.Rf7+  1-0

[Event "Trinec op9798"]
[Site "Trinec"]
[Date "1998.??.??"]
[Round "?"]
[White "Novak, Pavel"]
[Black "Dziadykiewicz, Tadeusz"]
[Result "1-0"]
[WhiteElo "2215"]
[BlackElo "2110"]

1.e4 d6 2.d4 Nf6 3.Nc3 c6 4.f4 Qa5 5.e5 Ne4 6.Bd3 Nxc3 7.Qd2 g6 8.Nf3 Bg7
9.O-O O-O 10.bxc3 Na6 11.Qe1 c5 12.Bd2 Qa4 13.Qh4 f6 14.exd6 exd6 15.Rfe1 c4
16.Bf1 Nc7 17.d5 Nxd5 18.f5 b5 19.fxg6 hxg6 20.Qe4 Bb7 21.Qxg6 Rf7 22.Nd4 Ne7
23.Rxe7 Rxe7 24.Nf5 Rae8 25.Re1  1-0

[Event "Trinec op9798"]
[Site "Trinec"]
[Date "1998.??.??"]
[Round "?"]
[White "Sott, Pavel"]
[Black "Dziadykiewicz, Tadeusz"]
[Result "1-0"]
[WhiteElo "2175"]
[BlackElo "2110"]

1.e4 d6 2.d4 Nf6 3.Nc3 c6 4.f4 Qa5 5.e5 Ne4 6.Bd3 Nxc3 7.Qd2 g6 8.Nf3 Bg7
9.bxc3 O-O 10.O-O Qa4 11.Qe1 c5 12.Qh4 c4 13.Be4 f6 14.exd6 exd6 15.f5 gxf5
16.Bd5+ Kh8 17.Bh6 Qd7 18.Rae1 Nc6 19.Bxc4 d5 20.Bxg7+ Kxg7 21.Bd3 Ne7 22.Qh5 Ng6
23.Nh4 Nxh4 24.Qxh4 Qd6 25.Rf3 Be6 26.Rxe6  1-0

[Event "Trinec op9798"]
[Site "Trinec"]
[Date "1998.??.??"]
[Round "?"]
[White "Oral, Tomas"]
[Black "Orsag, Milan"]
[Result "1/2-1/2"]
[WhiteElo "2435"]
[BlackElo "2350"]

1.e4 d6 2.d4 Nf6 3.Nc3 e5 4.dxe5 dxe5 5.Qxd8+ Kxd8 6.Bg5 c6 7.f4 Nd7 8.Nf3 Ke8
9.Bc4 Ng4 10.f5 h6 11.Bd2 Bc5 12.a4 Ne3 13.Bxe3  1/2-1/2

[Event "POL-ch U20"]
[Site "Trzebinia"]
[Date "1998.??.??"]
[Round "6"]
[White "Antoniewski, Rafal"]
[Black "Owczarzak, Jerzy"]
[Result "1-0"]
[WhiteElo "2435"]
[BlackElo "2210"]

1.e4 d6 2.d4 Nf6 3.Nc3 Nbd7 4.f4 e5 5.Nf3 exd4 6.Qxd4 Nc5 7.Be3 Bd7 8.O-O-O Ng4
9.Bg1 Ne6 10.Qd2 Bc6 11.Bc4 g6 12.h3 Nf6 13.f5 gxf5 14.exf5 Bxf3 15.gxf3 Ng7
16.Re1+ Be7 17.Bd4 Kf8 18.Qh6 Nh5 19.Rxe7 Qxe7 20.f6  1-0

[Event "POL-ch U20"]
[Site "Trzebinia"]
[Date "1998.??.??"]
[Round "8"]
[White "Pinski, Jan"]
[Black "Lobejko, Rafal"]
[Result "0-1"]
[WhiteElo "2330"]
[BlackElo "2300"]

1.e4 d6 2.d4 Nf6 3.Nc3 e5 4.dxe5 dxe5 5.Qxd8+ Kxd8 6.Bc4 Be6 7.Bxe6 fxe6
8.Be3 Bd6 9.f3 a6 10.Nh3 Nc6 11.Nf2 Ke7 12.Nd3 h6 13.h4 Nd7 14.Ne2 Na5 15.b3 c5
16.Nb2 b5 17.a3 Rhc8 18.O-O Nc6 19.Rf2 Nd4 20.Nc3 Nb6 21.Kf1 c4 22.b4 a5
23.Rb1 axb4 24.axb4 Bxb4 25.Nbd1 Bxc3 26.Nxc3 Na4 27.Nxb5 Rcb8 28.Na3 Nb2
29.c3 Rxa3 30.Rfxb2 Rxb2 31.Rxb2 Rxc3 32.Kf2 Rb3 33.Rxb3 cxb3 34.Bc1 Nb5
35.Bb2 Nd6 36.Bxe5 Nc4 37.Bxg7 e5  0-1